Sams teach yourself Maya in 24 hours / (Record no. 19636)
[ view plain ]
| 000 -LEADER | |
|---|---|
| fixed length control field | 01111cam a22003255a 4500 |
| 001 - CONTROL NUMBER | |
| control field | 11799312 |
| 005 - DATE AND TIME OF LATEST TRANSACTION | |
| control field | 20150617111313.0 |
| 006 - FIXED-LENGTH DATA ELEMENTS--ADDITIONAL MATERIAL CHARACTERISTICS--GENERAL INFORMATION | |
| fixed length control field | a||||f ||z 00| 0 |
| 008 - FIXED-LENGTH DATA ELEMENTS--GENERAL INFORMATION | |
| fixed length control field | 131112t2014 inua fr 001 0 eng d |
| 020 ## - INTERNATIONAL STANDARD BOOK NUMBER | |
| International Standard Book Number | 0672336839 |
| 020 ## - INTERNATIONAL STANDARD BOOK NUMBER | |
| International Standard Book Number | 9780672336836 |
| 040 ## - CATALOGING SOURCE | |
| Original cataloging agency | UMI |
| Language of cataloging | eng |
| Transcribing agency | UMI |
| Modifying agency | EG-ScBUE |
| 082 04 - DEWEY DECIMAL CLASSIFICATION NUMBER | |
| Classification number | 006.696 |
| Item number | ROY |
| Edition number | 22 |
| 100 1# - MAIN ENTRY--PERSONAL NAME | |
| Personal name | Roy, Kenny. |
| 9 (RLIN) | 38166 |
| 245 10 - TITLE STATEMENT | |
| Title | Sams teach yourself Maya in 24 hours / |
| Statement of responsibility, etc | Kenny Roy, Fiona Rivera. |
| 246 30 - VARYING FORM OF TITLE | |
| Title proper/short title | Teach yourself Maya in 24 hours |
| 246 30 - VARYING FORM OF TITLE | |
| Title proper/short title | Sams teach yourself Maya in twenty-four hours |
| 260 ## - PUBLICATION, DISTRIBUTION, ETC. (IMPRINT) | |
| Place of publication, distribution, etc | Indianapolis : |
| Name of publisher, distributor, etc | Sams / Pearson Education, |
| Date of publication, distribution, etc | c.2014. |
| 300 ## - PHYSICAL DESCRIPTION | |
| Extent | xvi, 486 p. : |
| Other physical details | ill. (col.) ; |
| Dimensions | 24 cm. + |
| Accompanying material | 1 CD-ROM (4 3/4 in.) |
| 500 ## - GENERAL NOTE | |
| General note | Index : p.469-486. |
| 500 ## - GENERAL NOTE | |
| General note | "Full color, learn how to create impressive 3D imagery!" -- On cover. |
| 630 00 - SUBJECT ADDED ENTRY--UNIFORM TITLE | |
| Uniform title | Maya (Computer file) |
| 9 (RLIN) | 11248 |
| Source of heading or term | BUEsh |
| 650 #0 - SUBJECT ADDED ENTRY--TOPICAL TERM | |
| Topical term or geographic name as entry element | Computer animation. |
| Source of heading or term | BUEsh |
| 650 #0 - SUBJECT ADDED ENTRY--TOPICAL TERM | |
| Topical term or geographic name as entry element | Web sites |
| General subdivision | Design. |
| Source of heading or term | BUEsh |
| 651 ## - SUBJECT ADDED ENTRY--GEOGRAPHIC NAME | |
| Source of heading or term | BUEsh |
| 653 ## - INDEX TERM--UNCONTROLLED | |
| Resource For college | Communication and mass media |
| -- | Informatics and Computer Science |
| Arrived date list | June2015 |
| 655 ## - INDEX TERM--GENRE/FORM | |
| Form subdivision | |
| -- | 34232 |
| 700 1# - ADDED ENTRY--PERSONAL NAME | |
| Personal name | Rivera, Fiona. |
| 942 ## - ADDED ENTRY ELEMENTS (KOHA) | |
| Source of classification or shelving scheme | Dewey Decimal Classification |
| Call number prefix | 006.696 ROY |
| Withdrawn status | Lost status | Source of classification or shelving scheme | Damaged status | Not for loan | Koha collection | Home library | Current library | Shelving location | Date acquired | Source of acquisition | Cost, normal purchase price | Serial Enumeration / chronology | Total Checkouts | Total Renewals | Full call number | Barcode | Date last seen | Date last borrowed | Cost, replacement price | Koha item type | Materials specified (bound volume or other part) |
|---|---|---|---|---|---|---|---|---|---|---|---|---|---|---|---|---|---|---|---|---|---|
| Dewey Decimal Classification | Alahram | Central Library | Central Library | Lower Floor | 14/06/2015 | 337.00 | 308 | 3 | 45 | 006.696 ROY | 000038672 | 15/07/2025 | 25/09/2017 | 421.25 | Book - Borrowing | ||||||
| Dewey Decimal Classification | Alahram | Central Library | Central Library | Lower Floor | 14/06/2015 | 337.00 | 308 | 006.696 ROY | 000038671 | 24/08/2022 | 421.25 | CD | DVD - With book | Lost In Inventory_2015-8-23 |